[Event "Mechanics' Spring TNM; G/2"]
[Site "San Francisco"]
[Date "2016.04.12"]
[Round "5.38"]
[White "Morgan, Jerry Dugl"]
[Black "Erdenebileg, Enkhjin"]
[Result "1-0"]
[WhiteElo "1653"]
[BlackElo "1089"]
[PlyCount "72"]
[EventDate "2016.??.??"]

1. f4 Nc6 2. Nf3 d5 3. e3 Bf5 4. Bb5 e6 5. Nd4 Nge7 6. b3 a6 7. Bxc6+ Nxc6 8.
Bb2 Qf6 9. Qc1 Nb4 10. Nxf5 Qxf5 11. d3 Qg6 12. O-O Bc5 13. Rf3 O-O-O 14. a3
Nc6 15. b4 Be7 16. Rg3 Qf5 17. Nd2 d4 18. Nc4 Bf6 19. e4 Qh5 20. Qd2 g6 21. a4
Qh6 22. b5 Nb8 23. Ba3 Rhg8 24. Rh3 Bh4 25. Be7 Rde8 26. Rxh4 Qg7 27. Bc5 Nd7
28. Ba7 Rd8 29. bxa6 bxa6 30. Rb1 f5 31. Qb4 Nb6 32. Bxb6 cxb6 33. Nxb6+ Kc7
34. Qc5+ Kb7 35. Nd7+ Ka8 36. Qc6+ Ka7 1-0

[Event "Mechanics' Winter TNM; G/2"]
[Site "San Francisco"]
[Date "2016.01.05"]
[Round "1.12"]
[White "Morgan, Jerry Dugl"]
[Black "Gaffagan, Steven"]
[Result "0-1"]
[WhiteElo "1590"]
[BlackElo "2040"]
[PlyCount "76"]
[EventDate "2016.??.??"]

1. f4 d5 2. Nf3 Nf6 3. e3 Bg4 4. h3 Bxf3 5. Qxf3 c6 6. b3 Nbd7 7. Bb2 Qc7 8. d4
e6 9. Bd3 Bd6 10. O-O h6 11. Ba3 Bxa3 12. Nxa3 g5 13. c4 gxf4 14. cxd5 exd5 15.
Qxf4 Qxf4 16. Rxf4 Ke7 17. e4 dxe4 18. Re1 Rhe8 19. Bxe4 Kf8 20. Kf2 Nxe4+ 21.
Rfxe4 Rxe4 22. Rxe4 Nf6 23. Re5 Nd5 24. Nc4 Rd8 25. a3 b6 26. Re4 f6 27. Kf3
Kf7 28. Nd2 Nc3 29. Rh4 Nb5 30. Ke3 Nxa3 31. Nf3 Nc2+ 32. Kd3 Nb4+ 33. Kc4 a5
34. Rxh6 Kg7 35. Rh4 Re8 36. Rg4+ Kf7 37. h4 Re2 38. Kc3 Rc2# 0-1

[Event "Mechanics' Alan Benson TNM; G/2"]
[Site "San Francisco"]
[Date "2016.09.13"]
[Round "7.23"]
[White "Morgan, Jerry Dugl"]
[Black "Jensen, Christian"]
[Result "1-0"]
[WhiteElo "1568"]
[BlackElo "1841"]
[Annotator "Winslow,Elliott"]
[PlyCount "55"]
[EventDate "2016.??.??"]

1. f4 e5 2. fxe5 d6 3. exd6 Bxd6 4. Nf3 Nf6 5. d4 Ng4 $6 6. Qd3 Nxh2 $2 ({
Relevant:} 6... c5 7. Qe4+ Kf8 8. d5 Na6 9. a3 Qc7 10. Qd3 c4 11. Qd4 Bc5 12.
Qf4 Bf2+ 13. Kd1 Bc5 14. Ke1 Bd6 15. Qd4 Bf5 16. Nc3 Re8 17. Bd2 Bc5 18. Qf4
Bf2+ 19. Kd1 Qxf4 20. Bxf4 Be3 21. Bg3 Bh6 22. Ke1 Ne3 23. Bd6+ Kg8 24. Kf2
Bxc2 25. Nd4 Be4 26. Nxe4 Rxe4 27. Nb5 f5 28. g3 Kf7 29. Rb1 Rd8 30. a4 Kg6 31.
Bh3 Bg5 32. Rhe1 Ree8 33. Rec1 Rd7 34. Rc3 Kf6 35. Bf1 Nxd5 36. Rxc4 {
Rhodes,J (2413)-Ponomarev,A (2488) ICCF email 2008 0-1}) 7. Nxh2 $146 Qh4+ 8.
Kd1 Bxh2 9. Nd2 Bg4 10. Qe4+ Kf8 11. Nf3 Qg3 12. Nxh2 Bc8 13. Nf3 h5 14. Qf4
Qxf4 15. Bxf4 c6 16. Bd6+ Kg8 17. Ng5 f6 18. Nf3 Bf5 19. Kd2 Nd7 20. e3 g5 21.
Bd3 Bg4 22. e4 Rd8 23. e5 Nb6 24. c3 Nd5 25. Bc4 Be6 26. b3 b5 27. Bxd5 Bxd5
28. Be7 1-0

[Event "Mechanics' Winter TNM; G/2"]
[Site "San Francisco"]
[Date "2016.02.09"]
[Round "6.41"]
[White "Morgan, Jerry Dugl"]
[Black "Kadri, Barbara"]
[Result "1-0"]
[WhiteElo "1590"]
[BlackElo "496"]
[PlyCount "63"]
[EventDate "2016.??.??"]

1. f4 d5 2. Nf3 Nc6 3. e3 e6 4. Bb5 a6 5. Bxc6+ bxc6 6. Ne5 Qe7 7. Nxc6 Qh4+ 8.
g3 Qh3 9. Qe2 Bb7 10. Ne5 Nh6 11. d3 Nf5 12. Qf3 Bb4+ 13. Bd2 Be7 14. Ba5 f6
15. Ng4 O-O-O 16. Nd2 d4 17. e4 Nd6 18. Nf2 Qh6 19. O-O-O c5 20. Bxd8 Kxd8 21.
Kb1 f5 22. Qe2 Qf6 23. e5 Qf8 24. Rhg1 Nb5 25. Nc4 Qe8 26. g4 Nc3+ 27. bxc3
Qb5+ 28. Ka1 Kc7 29. Rb1 Bf3 30. Qxf3 Qc6 31. Qxc6+ Kxc6 32. Rb6+ 1-0

[Event "Mechanics' Summer TNM; G/2"]
[Site "San Francisco"]
[Date "2016.07.05"]
[Round "7.21"]
[White "Morgan, Jerry Dugl"]
[Black "Kim, Isaiah"]
[Result "0-1"]
[WhiteElo "1652"]
[BlackElo "1836"]
[PlyCount "54"]
[EventDate "2016.??.??"]

1. f4 d5 2. Nf3 g6 3. d3 Bg7 4. c3 Nf6 5. Qc2 c5 6. e4 dxe4 7. dxe4 O-O 8. Bc4
Nc6 9. Na3 a6 10. Be3 b6 11. O-O Qc7 12. Ng5 e6 13. Rad1 h6 14. Nh3 e5 15. f5
g5 16. Bd5 Bb7 17. Qb3 Rad8 18. Bxg5 Na5 19. Qc2 hxg5 20. Bxf7+ Rxf7 21. Nxg5
Rfd7 22. Ne6 Qc8 23. Qf2 Rxd1 24. Qg3 Rxf1+ 25. Kxf1 Rd1+ 26. Ke2 Rd2+ 27. Ke3
Qd7 0-1

[Event "Mechanics' Spring TNM; G/2"]
[Site "San Francisco"]
[Date "2016.03.29"]
[Round "3.36"]
[White "Morgan, Jerry Dugl"]
[Black "MacIntyre, Brendan"]
[Result "1/2-1/2"]
[WhiteElo "1653"]
[BlackElo "1500"]
[PlyCount "60"]
[EventDate "2016.??.??"]

1. f4 d5 2. Nf3 c5 3. e3 Nc6 4. Bb5 Nf6 5. b3 a6 6. Bxc6+ bxc6 7. Bb2 e6 8. O-O
Bd6 9. Ne5 Qc7 10. d3 O-O 11. Nd2 Nd7 12. Ndf3 f6 13. Ng4 a5 14. Qe1 Ba6 15.
Qg3 d4 16. Nd2 e5 17. Nh6+ Kh8 18. Nf5 Rf7 19. Nxd6 Qxd6 20. fxe5 Qxe5 21. Rf3
Re8 22. Ne4 Qxg3 23. Rxg3 Re6 24. exd4 cxd4 25. Bxd4 Bc8 26. Rf1 Rfe7 27. Rf4
Nf8 28. Kf2 Ng6 29. Rff3 Nh4 30. Rf4 Ng6 1/2-1/2

[Event "Mechanics' Alan Benson TNM; G/2"]
[Site "San Francisco"]
[Date "2016.08.16"]
[Round "3.22"]
[White "Morgan, Jerry Dugl"]
[Black "Mays, Jerry L"]
[Result "0-1"]
[WhiteElo "1568"]
[BlackElo "1876"]
[PlyCount "66"]
[EventDate "2016.??.??"]

1. f4 g6 2. Nf3 Bg7 3. e4 d6 4. d4 Nf6 5. e5 dxe5 6. fxe5 Nd5 7. c4 Nb6 8. Bg5
h6 9. Be3 c6 10. Bd3 Be6 11. Nbd2 N8d7 12. Qc2 Nf8 13. Nh4 Rg8 14. O-O Qc7 15.
Nxg6 Nxg6 16. Bxg6 Bxe5 17. dxe5 Rxg6 18. Bf4 O-O-O 19. b3 Rdg8 20. Bg3 Nd7 21.
Nf3 Rxg3 22. hxg3 Nxe5 23. Qe4 Nxf3+ 24. Rxf3 Rxg3 25. Kf2 Rg6 26. Rh1 Qa5 27.
Qc2 Qc5+ 28. Kf1 Qd4 29. Rd3 Qf6+ 30. Kg1 Bf5 31. Qd2 Bxd3 32. Qxd3 Qa1+ 33.
Kh2 Qe5+ 0-1

[Event "Mechanics' Summer TNM; G/2"]
[Site "San Francisco"]
[Date "2016.06.14"]
[Round "4.35"]
[White "Morgan, Jerry Dugl"]
[Black "Ochoa, Jason"]
[Result "1-0"]
[WhiteElo "1652"]
[BlackElo "1893"]
[Annotator "Donaldson"]
[PlyCount "67"]
[EventDate "2016.??.??"]

1. f4 d5 2. Nf3 g6 3. d3 Nf6 4. c3 Bg7 5. Qc2 O-O 6. e4 Nc6 7. e5 Nh5 8. d4 Bf5
9. Bd3 Bxd3 10. Qxd3 Qd7 11. Be3 f6 12. Na3 fxe5 13. fxe5 Qg4 14. Qd2 Nf4 15.
Bxf4 Rxf4 16. Nc2 Re4+ 17. Kd1 Rf8 18. Ne3 Qh5 19. Kc2 Bh6 20. Rae1 e6 21. Qd3
Ne7 (21... Rxf3 $1 22. gxf3 Rxd4 $17) 22. h3 Bxe3 23. Rxe3 Qf5 24. Rhe1 Rxe3
25. Rxe3 Qf4 26. g4 Qh6 27. Nd2 Rf2 28. Rf3 Rh2 29. Rf6 $1 Rxh3 $4 {Diagram [#]
} (29... c6 $11) 30. Qb5 $3 Kh8 31. Qe8+ Ng8 32. Nf3 (32. Rf8 Qg7 33. g5 {
with Rf7 to follow.}) 32... Qe3 (32... Rxf3 {
would have prolonged the game but not changed the result.}) 33. Rf8 Qxf3 34.
Rxg8# 1-0

[Event "Mechanics' Winter TNM; G/2"]
[Site "San Francisco"]
[Date "2016.02.23"]
[Round "8.36"]
[White "Morgan, Jerry Dugl"]
[Black "Olson, David R"]
[Result "1-0"]
[WhiteElo "1590"]
[BlackElo "1400"]
[PlyCount "91"]
[EventDate "2016.??.??"]

1. f4 d5 2. Nf3 Nf6 3. e3 Nc6 4. Bb5 g6 5. b3 Bg7 6. Bb2 O-O 7. Bxc6 bxc6 8.
O-O Bg4 9. d3 Rb8 10. Nbd2 Re8 11. Qe1 a5 12. Ne5 Bd7 13. Ndf3 Ng4 14. Rc1 c5
15. c4 c6 16. h3 Nh6 17. Rc2 Qc7 18. Nxd7 Qxd7 19. Bxg7 Kxg7 20. Qxa5 Nf5 21.
Qe1 d4 22. Ne5 Qd6 23. Ng4 h5 24. e4 hxg4 25. exf5 gxh3 26. fxg6 Qxg6 27. Qe5+
f6 28. Qe4 h2+ 29. Kh1 Qg3 30. Qf3 Qg6 31. g4 Rh8 32. Rxh2 Rxh2+ 33. Kxh2 Rh8+
34. Kg2 f5 35. g5 Qh7 36. Qg3 Qh5 37. Re1 Kf7 38. g6+ Qxg6 39. Qxg6+ Kxg6 40.
Rxe7 Ra8 41. Re2 Ra7 42. a4 Rb7 43. Rb2 Rb8 44. a5 Ra8 45. Ra2 Ra6 46. Kf3 1-0

[Event "Mechanics' Winter TNM; G/2"]
[Site "San Francisco"]
[Date "2016.01.19"]
[Round "3.20"]
[White "Morgan, Jerry Dugl"]
[Black "Royzen, Igor"]
[Result "0-1"]
[WhiteElo "1590"]
[BlackElo "1879"]
[PlyCount "52"]
[EventDate "2016.??.??"]

1. f4 d5 2. Nf3 Nf6 3. e3 Bf5 4. b3 e6 5. Bb2 Nbd7 6. Ne5 Nxe5 7. fxe5 Ne4 8.
Qf3 Be7 9. g3 O-O 10. c4 c6 11. cxd5 cxd5 12. Bg2 f6 13. O-O fxe5 14. Bxe5 Bf6
15. Bc3 {Diagram #} Nxd2 $1 16. Nxd2 Bxc3 17. Rad1 Qa5 18. Rf2 Bc2 19. Qe2 Bxd1
20. Qxd1 Rxf2 21. Kxf2 Bxd2 22. Bh3 Rf8+ 23. Ke2 Qc3 24. Bxe6+ Kh8 25. Qg1 Bc1
26. Qe1 Qc2+ 0-1

[Event "Mechanics' Summer TNM; G/2"]
[Site "San Francisco"]
[Date "2016.05.24"]
[Round "1.12"]
[White "Murugappan, Ganesh"]
[Black "Erickson, Lane Aus"]
[Result "1-0"]
[WhiteElo "2057"]
[BlackElo "1462"]
[PlyCount "53"]
[EventDate "2016.??.??"]

1. e4 c6 2. d4 d5 3. Nc3 dxe4 4. Nxe4 Nd7 5. Nf3 Ngf6 6. Nxf6+ Nxf6 7. Bd3 Bg4
8. c3 e6 9. Bf4 Bd6 10. Qd2 Bxf3 11. gxf3 Bxf4 12. Qxf4 Nd5 13. Qg3 g6 14.
O-O-O Qc7 15. Rhe1 O-O-O 16. c4 Nf4 17. Bc2 h6 18. Kb1 g5 19. Bb3 Qb6 20. d5 c5
21. h4 exd5 22. cxd5 Qb5 23. hxg5 Nd3 24. Re3 c4 {Diagram [#]} 25. Rexd3 $1
cxd3 26. Rc1+ Kd7 27. Qc7+ 1-0

[Event "Mechanics' Summer TNM; G/2"]
[Site "San Francisco"]
[Date "2016.06.28"]
[Round "6.10"]
[White "Murugappan, Ganesh"]
[Black "Shi, Jaysen"]
[Result "1-0"]
[WhiteElo "2057"]
[BlackElo "1867"]
[PlyCount "67"]
[EventDate "2016.??.??"]

1. e4 g6 2. d4 Bg7 3. Nc3 d6 4. f4 e6 5. Nf3 Nd7 6. Bc4 a6 7. a4 b6 8. O-O Ne7
9. f5 gxf5 10. Ng5 Nf6 11. exf5 d5 12. fxe6 fxe6 13. Bd3 c5 14. dxc5 bxc5 15.
Bf4 c4 16. Be2 Qb6+ 17. Kh1 Ng6 18. a5 Qc6 19. Bg3 Bd7 20. Na4 O-O 21. Nb6 Rad8
22. c3 Bh6 23. Nf3 Ng4 24. Nd4 Rxf1+ 25. Bxf1 Nf2+ 26. Bxf2 Qd6 27. Nxd7 Rxd7
28. Qg4 Rf7 29. Bg3 Qf8 30. Be2 e5 31. Bxe5 Re7 32. Bd6 Re4 33. Bxf8 Rxg4 34.
Bxg4 1-0

[Event "Mechanics' Summer TNM; G/2"]
[Site "San Francisco"]
[Date "2016.06.07"]
[Round "3.2"]
[White "Murugappan, Ganesh"]
[Black "Winslow, Elliott C"]
[Result "0-1"]
[WhiteElo "2057"]
[BlackElo "2330"]
[PlyCount "56"]
[EventDate "2016.??.??"]

1. e4 c6 2. d4 d5 3. exd5 cxd5 4. Bd3 Nc6 5. c3 Nf6 6. Bf4 g6 7. Nd2 Bg7 8. h3
O-O 9. Ngf3 Bf5 10. Bxf5 gxf5 11. Ne5 Qb6 12. Qb3 Nxe5 13. Bxe5 Qe6 14. O-O Ne4
15. Bf4 Qc6 16. Nxe4 fxe4 17. Rfe1 Kh8 18. Rad1 Rad8 19. a4 Rg8 20. Qb5 Qc8 21.
Kh1 a6 22. Qb6 Qf5 23. Bg3 Rd7 24. Qb3 Bh6 25. Qc2 e6 26. Kh2 f6 27. Re3 $2
Bxe3 28. fxe3 Rdg7 0-1

[Event "Mechanics' Summer TNM; G/2"]
[Site "San Francisco"]
[Date "2016.06.14"]
[Round "4.6"]
[White "Murugappan, Ganesh"]
[Black "Wong, Russell"]
[Result "1-0"]
[WhiteElo "2057"]
[BlackElo "2200"]
[PlyCount "69"]
[EventDate "2016.??.??"]

1. e4 Nf6 2. e5 Nd5 3. d4 d6 4. Nf3 Bg4 5. Be2 e6 6. c4 Nb6 7. Nc3 Nc6 8. exd6
cxd6 9. d5 exd5 10. cxd5 Bxf3 11. Bxf3 Ne5 12. Be4 Be7 13. O-O O-O 14. Be3 f5
15. Bc2 g6 16. Ne2 Nec4 17. Bd4 Bf6 18. b3 Ne5 19. Nf4 Rf7 20. Rc1 Qd7 21. a4
Bg5 22. Be3 Ng4 23. a5 Nxe3 24. fxe3 Nc8 25. b4 Qb5 26. Qd2 Bxf4 27. Rxf4 Ne7
28. Bb3 Rc8 29. Rxc8+ Nxc8 30. Rc4 Qe8 31. Qc3 Rf8 32. Rc7 Ne7 33. Rxb7 f4 34.
Qc7 Kf7 35. Qxd6 1-0

[Event "Mechanics' Alan Benson TNM; G/2"]
[Site "San Francisco"]
[Date "2016.09.27"]
[Round "9.39"]
[White "Nassif, Wassim"]
[Black "Erdenebileg, Erkhe"]
[Result "0-1"]
[WhiteElo "1177"]
[BlackElo "1351"]
[PlyCount "28"]
[EventDate "2016.??.??"]

1. e4 e5 2. Nf3 Nc6 3. Bc4 Bc5 4. O-O Nf6 5. a3 d6 6. d3 h6 7. b4 Bb6 8. Bd2 a6
9. Nc3 Bg4 10. Qe2 Nd4 11. Qd1 Qd7 12. Ne2 Nxf3+ 13. gxf3 Bxf3 14. Qe1 Qh3 0-1

[Event "Mechanics' Alan Benson TNM; G/2"]
[Site "San Francisco"]
[Date "2016.09.13"]
[Round "7.42"]
[White "Nassif, Wassim"]
[Black "Marrus, Matthew E"]
[Result "1-0"]
[WhiteElo "1177"]
[BlackElo "1335"]
[PlyCount "63"]
[EventDate "2016.??.??"]

1. e4 e5 2. Nf3 Nc6 3. Bc4 Bc5 4. O-O Nf6 5. d3 d6 6. Ng5 d5 7. exd5 Bg4 8. Qe1
Nd4 9. Qxe5+ Qe7 10. Qxe7+ Bxe7 11. Bb3 Bc5 12. Re1+ Ne2+ 13. Kf1 O-O 14. f3
Bxf3 15. gxf3 Rfe8 16. Rxe2 Red8 17. c4 c6 18. Ne4 Nd7 19. Nxc5 Nxc5 20. d4 Nd3
21. Bd2 cxd5 22. c5 Nxb2 23. Nc3 a5 24. Re3 Nc4 25. Bxc4 dxc4 26. a4 Rxd4 27.
Ke2 b6 28. Nb5 Rh4 29. Rh1 Rc8 30. Be1 Rf4 31. Bg3 Rf5 32. Nd6 1-0

[Event "Mechanics' Alan Benson TNM; G/2"]
[Site "San Francisco"]
[Date "2016.08.09"]
[Round "2.40"]
[White "Nassif, Wassim"]
[Black "Morgan, Jerry Dugl"]
[Result "0-1"]
[WhiteElo "1177"]
[BlackElo "1568"]
[PlyCount "98"]
[EventDate "2016.??.??"]

1. e4 Nf6 2. Nc3 e5 3. Bc4 Nxe4 4. Nd5 Bc5 5. Ne3 Qh4 6. Qf3 Nd6 7. Bb3 O-O 8.
d3 Nc6 9. Ne2 Na5 10. Bd5 c6 11. Be4 Nxe4 12. Qxe4 Qxe4 13. dxe4 b6 14. O-O Ba6
15. Re1 Nc4 16. Nxc4 Bxc4 17. b3 Be6 18. h3 d5 19. exd5 cxd5 20. Bb2 Bd6 21.
Rad1 Rac8 22. c3 Rc6 23. a3 f6 24. Rd2 Kf7 25. Kf1 a5 26. Rc1 Rfc8 27. Rcd1 Ke7
28. Ke1 h5 29. a4 g5 30. Ra1 h4 31. Ba3 Bc5 32. Bxc5+ bxc5 33. Rc1 Rb6 34. Rb2
d4 35. cxd4 cxd4 36. Rxc8 Bxc8 37. Rc2 Bb7 38. Rc7+ Ke6 39. f3 Rxb3 40. Rc5 d3
41. Nc1 Rb2 42. Nxd3 Rxg2 43. Rxa5 Bxf3 44. Ra6+ Kf5 45. Ra5 Rh2 46. Nf2 Bg2
47. Rb5 Bxh3 48. a5 Bg4 49. a6 Bf3 {...} 0-1

[Event "Mechanics' Summer TNM; G/2"]
[Site "San Francisco"]
[Date "2016.07.05"]
[Round "7.42"]
[White "Nassif, Wassim"]
[Black "Raphael, Pat"]
[Result "1-0"]
[WhiteElo "1131"]
[BlackElo "629"]
[PlyCount "63"]
[EventDate "2016.??.??"]

1. e4 e5 2. Nf3 d6 3. Bc4 Nf6 4. d3 Nbd7 5. Ng5 d5 6. Bxd5 Nxd5 7. exd5 h6 8.
Nf3 Nf6 9. Nc3 Bb4 10. O-O Bxc3 11. bxc3 Qxd5 12. Re1 O-O 13. Rxe5 Qc6 14. Bb2
Be6 15. Nd4 Qb6 16. Nxe6 fxe6 17. Ba3 Rf7 18. Rb1 Qc6 19. Rc5 Qd6 20. Rxb7 Nd7
21. Rcxc7 Qxa3 22. Rxd7 Raf8 23. Rxa7 Qc5 24. Rxf7 Rxf7 25. Rxf7 Kxf7 26. Qf3+
Kg8 27. d4 Qb6 28. Qd1 Qb2 29. a4 Qxc3 30. h4 Kf7 31. Qf3+ Kg8 32. Qxc3 1-0

[Event "Mechanics' Alan Benson TNM; G/2"]
[Site "San Francisco"]
[Date "2016.08.30"]
[Round "5.43"]
[White "Nassif, Wassim"]
[Black "Valente, Marty J"]
[Result "0-1"]
[WhiteElo "1177"]
[BlackElo "1168"]
[PlyCount "24"]
[EventDate "2016.??.??"]

1. e4 c5 2. Nf3 Nc6 3. Bc4 e6 4. O-O Nf6 5. Nc3 Be7 6. a3 O-O 7. d3 d5 8. Ba2
d4 9. Ne2 Bd6 10. c3 e5 11. Bc4 b6 12. Qb3 Nh5 {Scoresheet missing moves....}
0-1

[Event "Mechanics' Summer TNM; G/2"]
[Site "San Francisco"]
[Date "2016.05.24"]
[Round "1.2"]
[White "Nassif, Wassim"]
[Black "Winslow, Elliott C"]
[Result "0-1"]
[WhiteElo "1131"]
[BlackElo "2330"]
[PlyCount "52"]
[EventDate "2016.??.??"]

1. e4 c5 2. Nf3 Nc6 3. Bb5 g6 4. Bxc6 dxc6 5. O-O Qc7 6. d3 e5 7. Bg5 f6 8. Bh4
Be6 9. c4 O-O-O 10. b3 Qd7 11. Ne1 h5 12. h3 g5 13. Bg3 g4 14. h4 Ne7 15. Qc2
Ng6 16. Nc3 f5 17. exf5 Bxf5 18. Rd1 Be7 19. Ne2 Bxh4 20. Bxh4 Nxh4 21. g3 Nf3+
22. Nxf3 gxf3 23. Nc3 Bxd3 24. Rxd3 Qxd3 25. Qc1 Qf5 26. Re1 Qh3 0-1

[Event "Mechanics' Spring TNM; G/2"]
[Site "San Francisco"]
[Date "2016.04.26"]
[Round "7.42"]
[White "Nassif, Wassim J"]
[Black "Bertot, German"]
[Result "0-1"]
[WhiteElo "1187"]
[BlackElo "1589"]
[PlyCount "56"]
[EventDate "2016.??.??"]

1. e4 e5 2. Nf3 Nc6 3. Bc4 Bc5 4. O-O Nf6 5. Nc3 d6 6. a3 a6 7. b4 Ba7 8. d3
O-O 9. Qe2 Bg4 10. h3 Nd4 11. Qd1 Nxf3+ 12. gxf3 Bxh3 13. Re1 Nh5 14. Ne2 Qh4
15. d4 exd4 16. Qd3 Be6 17. Ba2 Rae8 18. Nxd4 Bxa2 19. Rxa2 f5 20. Be3 fxe4 21.
fxe4 Qg4+ 22. Kf1 Ng3+ 23. Kg2 Nxe4+ 24. Kf1 Ng3+ 25. Kg2 Ne2+ 26. Kf1 Nxd4 27.
Qc4+ Kh8 28. Bxd4 Qh3+ 0-1

[Event "Mechanics' Spring TNM; G/2"]
[Site "San Francisco"]
[Date "2016.04.12"]
[Round "5.37"]
[White "Nassif, Wassim J"]
[Black "Boldi, Ethan Vaugh"]
[Result "0-1"]
[WhiteElo "1187"]
[BlackElo "1658"]
[PlyCount "126"]
[EventDate "2016.??.??"]

1. e4 e6 2. d4 d5 3. e5 c5 4. c3 Nc6 5. Nf3 Nge7 6. Bb5 Nf5 7. Bxc6+ bxc6 8.
O-O cxd4 9. Nxd4 Nxd4 10. cxd4 Ba6 11. Re1 Qb6 12. Nc3 Bc4 13. b3 Ba6 14. Be3
Bb4 15. Qd2 Rc8 16. a3 Be7 17. b4 Bc4 18. Reb1 Qa6 19. Qb2 Rb8 20. Bd2 Qc8 21.
Nd1 c5 22. Ne3 Bd3 23. Rc1 c4 24. Bc3 Bg5 25. Re1 O-O 26. g3 f6 27. f4 Bh6 28.
a4 fxe5 29. dxe5 g5 30. Ng4 Bg7 31. Nf6+ Bxf6 32. exf6 gxf4 33. g4 Kf7 34. Be5
Rb7 35. Bxf4 Rg8 36. g5 a5 37. b5 Qc5+ 38. Kg2 d4 39. Re5 c3 40. Qb3 Qc4 41.
Qxc4 Bxc4 42. Rb1 Bd5+ 43. Kg3 d3 44. h4 d2 45. Bxd2 cxd2 46. Rxd5 exd5 47. Rd1
Re8 48. Rxd2 Re4 49. Rxd5 Rxa4 50. h5 Rb4 51. b6 a4 52. Ra5 R7xb6 53. Ra7+ Rb7
54. Ra6 Rb3+ 55. Kf4 a3 56. Ra5 R7b4+ 57. Ke5 Rb5+ 58. Rxb5 Rxb5+ 59. Kd6 a2
60. g6+ hxg6 61. hxg6+ Kxf6 62. g7 Kxg7 63. Kc6 Rb1 0-1

[Event "Mechanics' Winter TNM; G/2"]
[Site "San Francisco"]
[Date "2016.01.12"]
[Round "2.39"]
[White "Nassif, Wassim J"]
[Black "Casares Jr, Nick"]
[Result "0-1"]
[WhiteElo "1186"]
[BlackElo "1604"]
[PlyCount "28"]
[EventDate "2016.??.??"]

1. e4 e5 2. Nf3 Nc6 3. Bc4 Nf6 4. d3 Be7 5. O-O O-O 6. c3 d5 7. exd5 Nxd5 8.
Bxd5 Qxd5 9. c4 Qd8 10. Nc3 Bg4 11. Be3 f5 12. h3 Bh5 13. Qb3 Bxf3 14. gxf3 f4
$19 0-1

[Event "Mechanics' Spring TNM; G/2"]
[Site "San Francisco"]
[Date "2016.03.29"]
[Round "3.43"]
[White "Nassif, Wassim J"]
[Black "Dupree, Charles"]
[Result "0-1"]
[WhiteElo "1187"]
[BlackElo "1630"]
[PlyCount "30"]
[EventDate "2016.??.??"]

1. e4 c5 2. Nf3 e6 3. Bc4 a6 4. O-O b5 5. Bd3 Bb7 6. Nc3 Qc7 7. Qe1 Nc6 8. a3
Nf6 9. h3 Ne5 10. Qe3 Be7 11. Nxe5 Qxe5 12. Ne2 c4 13. Bxc4 bxc4 14. d4 Qxe4
15. c3 Qxg2# 0-1

[Event "Mechanics' Alan Benson TNM; G/2"]
[Site "San Francisco"]
[Date "2016.08.16"]
[Round "3.5"]
[White "Viswanath Natraj, Ganesh"]
[Black "Anderson, Michael"]
[Result "1/2-1/2"]
[WhiteElo "2101"]
[BlackElo "1958"]
[PlyCount "82"]
[EventDate "2016.??.??"]

1. d4 f5 2. c4 Nf6 3. Nf3 g6 4. g3 Bg7 5. Bg2 O-O 6. O-O c6 7. b3 d6 8. Bb2 Kh8
9. Nbd2 Be6 10. Qc2 d5 11. Ne5 Nbd7 12. Ndf3 Nxe5 13. Nxe5 Ng4 14. Nxg4 fxg4
15. cxd5 cxd5 16. Rac1 Bh6 17. e3 Rc8 18. Qd2 Qd7 19. Rc5 b6 20. Rxc8 Rxc8 21.
Rc1 Bg5 22. Rc3 Bf6 23. Qc1 Rxc3 24. Qxc3 Kg7 25. a4 Bf7 26. Bf1 h5 27. Qc2 Be6
28. Bb5 Qc8 29. Qxc8 Bxc8 30. Bc6 e6 31. Ba3 Kf7 32. Bd6 Bd8 33. Kf1 a5 34. Bb5
Bb7 35. Ke2 Bc8 36. Bc6 Ba6+ 37. Kd2 Bf1 38. Kc3 Ba6 39. e4 dxe4 40. Bxe4 b5
41. axb5 Bxb5 {and drawn a few moves later. Remaining moves unavailable.}
1/2-1/2

[Event "Mechanics' Alan Benson TNM; G/2"]
[Site "San Francisco"]
[Date "2016.08.02"]
[Round "1.7"]
[White "Viswanath Natraj, Ganesh"]
[Black "Furukawa, Jon"]
[Result "1-0"]
[WhiteElo "2101"]
[BlackElo "1611"]
[PlyCount "69"]
[EventDate "2016.??.??"]

1. d4 d5 2. Nf3 Nc6 3. c4 dxc4 4. e3 e6 5. Bxc4 Nf6 6. O-O Bd6 7. Nc3 O-O 8. e4
e5 9. d5 Ne7 10. Bg5 Ng6 11. h3 h6 12. Be3 Bd7 13. Re1 Re8 14. Bf1 Bb4 15. Bd2
a6 16. Qb3 Bc5 17. Qxb7 Nh5 18. Be3 Bxe3 19. Rxe3 Rb8 20. Qxa6 Rxb2 21. Rb1
Rxb1 22. Nxb1 Nf6 23. Nc3 Qb8 24. Nb5 Bxb5 25. Qxb5 Qa7 26. Qa6 Qc5 27. Qc4 Qa5
28. a4 Rb8 29. Qa6 Qb4 30. Bc4 Qc5 31. Bb5 Qb4 32. Qa7 Rf8 33. Qxc7 Ne8 34.
Bxe8 Rxe8 35. d6 1-0

[Event "Mechanics' Alan Benson TNM; G/2"]
[Site "San Francisco"]
[Date "2016.09.20"]
[Round "8.4"]
[White "Viswanath Natraj, Ganesh"]
[Black "Krasnov, Steven Le"]
[Result "1-0"]
[WhiteElo "2101"]
[BlackElo "1977"]
[PlyCount "119"]
[EventDate "2016.??.??"]

1. d4 Nf6 2. c4 e6 3. Nf3 c5 4. d5 exd5 5. cxd5 d6 6. Nc3 g6 7. g3 Bg7 8. Bg2
a6 9. a4 O-O 10. O-O Nbd7 11. Bf4 Qc7 12. Rc1 Nh5 13. Bd2 Rb8 14. b4 b6 15. h3
Nhf6 16. e4 Re8 17. Re1 Qd8 18. b5 Bb7 19. Bf4 Ne5 20. Nxe5 dxe5 21. Be3 axb5
22. axb5 Ra8 23. Ra1 Qd7 24. Qb3 Qc7 25. Ra4 Rxa4 26. Nxa4 Ra8 27. Nb2 Ne8 28.
Nc4 Nd6 29. f4 Nxc4 30. Qxc4 Ra3 31. Qc1 Ra5 32. Bf1 Bc8 33. Bd2 Ra4 34. Qc2
Qa7 35. Bc3 Ra2 36. Qc1 Qe7 37. Bc4 Ra4 38. Bb3 Ra7 39. g4 Qh4 40. Re3 exf4 41.
Rf3 Bxc3 42. Qxc3 Qg5 43. Qd2 Ra3 44. d6 Bd7 45. Bxf7+ Kxf7 46. Rxa3 Qe5 47.
Ra7 Ke6 48. Qd5+ Qxd5 49. exd5+ Kxd6 50. Rb7 Be8 51. Rxb6+ Kxd5 52. Rb8 Bd7 53.
Rd8 Ke6 54. b6 Bc6 55. Kf2 c4 56. Rd4 g5 57. Rxc4 Kd6 58. Rb4 Bb7 59. Rb5 h6
60. Rf5 1-0

[Event "Mechanics' Alan Benson TNM; G/2"]
[Site "San Francisco"]
[Date "2016.09.06"]
[Round "6.1"]
[White "Viswanath Natraj, Ganesh"]
[Black "Stearman, Josiah P"]
[Result "1/2-1/2"]
[WhiteElo "2101"]
[BlackElo "2315"]
[PlyCount "81"]
[EventDate "2016.??.??"]

1. d4 f5 2. c4 Nf6 3. Nf3 g6 4. g3 Bg7 5. Bg2 d6 6. O-O O-O 7. Nc3 c6 8. d5 e5
9. dxe6 Bxe6 10. b3 Ne4 11. Nxe4 fxe4 12. Nd4 Bf5 13. Be3 Qe7 14. Nxf5 gxf5 15.
Bd4 Be5 16. f3 exf3 17. Rxf3 Na6 18. Bh3 Qe6 19. e3 Rf7 20. Bxe5 Qxe5 21. Qd4
Re8 22. Raf1 f4 23. Qxe5 dxe5 24. exf4 exf4 25. Rxf4 Rxf4 26. Rxf4 Nb4 27. Rf2
Re1+ 28. Kg2 Kg7 29. Rd2 Ra1 30. Rd7+ Kg6 31. Rxb7 Rxa2+ 32. Kg1 Nd3 33. Bf1
Ne5 34. Bg2 Ra1+ 35. Bf1 Ra2 36. Bg2 Ra1+ 37. Kf2 Ra2+ 38. Kg1 Ra1+ 39. Kf2
Ra2+ 40. Kg1 Ra1+ 41. Kf2 1/2-1/2

[Event "Mechanics' Summer TNM; G/2"]
[Site "San Francisco"]
[Date "2016.07.05"]
[Round "7.41"]
[White "Nelson, Carl"]
[Black "Boldi, Nicholas Armen"]
[Result "0-1"]
[WhiteElo "1188"]
[BlackElo "1005"]
[Annotator "Donaldson"]
[PlyCount "86"]
[EventDate "2016.??.??"]

1. c4 e5 2. Nc3 Nc6 3. g3 Nf6 4. Bg2 Bc5 5. Nf3 O-O 6. O-O Re8 7. d3 Re6 8. Nd5
h6 9. a3 a5 10. Bd2 Ne7 11. Nxf6+ Rxf6 12. Nxe5 c6 13. b4 Bd4 14. Ng4 Bxa1 15.
Nxf6+ Bxf6 16. bxa5 b6 17. axb6 Qxb6 18. Bb4 Ba6 19. Qb3 Re8 20. c5 Qb8 21. e4
Ng6 22. f4 Bd4+ 23. Kh1 Rf8 24. Qc2 Bb5 25. Rb1 Qa7 26. Rc1 Qa6 27. Bf1 Be3 28.
Ra1 Bd4 29. Ra2 Ba4 30. Qc1 Bb5 31. Qc2 Ba4 32. Qc1 Bb5 33. Qd2 Ba4 34. Bc3
Bxc5 35. Bxg7 Re8 36. Qc3 Rxe4 37. Bxh6 Rd4 $4 (37... Bd4 $19) 38. Qxc5 Qb7 39.
Kg1 Rd5 40. Bg2 $4 Rxc5 41. Kf2 Qb6 42. Ke1 Qb3 43. Ra1 Qc3+ 0-1